Television Shows - Statistics

General Stats
  • This quiz has been taken 22 times
  • The average score is 8 of 15
Answer Stats
Hint Hint of description of show Answer % Correct
GOT Fantasy series drama featuring dragons,fights and action. Game of Thrones
95%
HK Cooking series where chefs compete in teams to be a head chef at a restuaraunt thats owed by celebrity chef Gordon Ramsey Hell's Kitchen
81%
TBBT Group of friends who work in a University based on science. The Big Bang Theory
81%
TWD A father trying to find his family during a zombie apocalypse. The Walking Dead
71%
2BG Comedy series about 2 waitresses 2 Broke Girls
62%
CF A group of firefighters that say people and this city. Also has 2 sequel shows. Chicago Fire
62%
SOA Series about an group of motor cycle club members Sons Of Anarchy
62%
SDWAY Cartoon series about a great dane and his friends solving mysteries. Scooby Doo Where Are You
57%
SW Relatiy series were people pay money to buy containers and then sell the items in them to make a profit. Storage Wars
52%
BB Law enforcement family from New York Blue Bloods
43%
AD Cartoon series about a CIA agent and his family American Dad
38%
CSI:LV Forensic crime series drama Crime Scene Investigation Las Vegas
29%
MBB About an Irish mother who annoys her family Mrs Brown's Boys
29%
OFAH fly trader from London England who lives with his younger brother and grandfather, Only Fools And Horses
24%
SG A group of pensions from Glasgow. Still Game
10%
No matching quizzes found
Score Distribution
Percent of People with Each Score
Percentile by Number Answered
Your Score History
You have not taken this quiz